00711nam a22001937a 450000500170000001000140001702000260003103500130005703700130007008200100008324501070009326000390020027000520023930000290029170000210032094200240034199900170036595201350038220100727162859.0 aENG-97193 a9788188555338c650.00 aEN-80726 bDBAD/PUB a361.1 aStudies in inequality and social justice :bessays in honor of Ved Pakash Vatuk /cedited by Kira Hall aMeerutbArchana publicationsc2009 a57-A, New Arya Nagar, Jail RoadbMeerute250004 axlvi, 449 p.c21 Cm (Hb) aHall, Kira91949 2ddccENh361.1mSTU c37994d37994 001040718NFICaDBADbDBADd2010-07-27eDBAD/PUBg650.00l0o361.1 STUpEN-80726r2010-07-27 00:00:00t1v650.00w2010-07-27yEN